Countries with the Funniest Names according to ChatGPT - Statistics

General Stats
  • This quiz has been taken 61 times
  • The average score is 4 of 10
Answer Stats
Continent Answer % Correct
Oceania Vanuatu
68%
Oceania Tonga
64%
Oceania Papua New Guinea
58%
Africa Burkina Faso
47%
Africa Eswatini
32%
Asia Kyrgyzstan
30%
Africa Zambia
30%
Africa Namibia
17%
Asia Bhutan
15%
Europe Moldova
8%
No matching quizzes found
Score Distribution
Percent of People with Each Score
Percentile by Number Answered
Your Score History
You have not taken this quiz